Полное собрание сочинений. Т. 2: Добыча (Запись № 13571670)
[ простой вид ]
| 000 -МАРКЕР | |
|---|---|
| контрольное поле | 01764nam2a2200301 4500 |
| 001 - ИДЕНТИФИКАТОР ЗАПИСИ | |
| контрольное поле | rc\2830557 |
| 005 - ИДЕНТИФИКАТОР ВЕРСИИ | |
| контрольное поле | 20260315045110.0 |
| 035 ## - ДРУГИЕ СИСТЕМНЫЕ НОМЕРА | |
| Идентификатор записи | (NLR Aleph) 006988527 |
| 100 ## - ДАННЫЕ ОБЩЕЙ ОБРАБОТКИ | |
| Данные общей обработки | 20110625d1929 u y0rusy50 ca |
| 101 1# - ЯЗЫК РЕСУРСА | |
| Язык текста, звукозаписи и т.д. | русский |
| Язык оригинала | французский |
| 102 ## - СТРАНА ПУБЛИКАЦИИ ИЛИ ПРОИЗВОДСТВА | |
| Страна публикации | Российская Федерация |
| 105 ## - ПОЛЕ КОДИРОВАННЫХ ДАННЫХ: ТЕКСТОВЫЕ МАТЕРИАЛЫ, МОНОГРАФИЧЕСКИЕ | |
| Кодированные данные о монографическом текстовом документе | c z 000ay |
| 200 1# - ЗАГЛАВИЕ И СВЕДЕНИЯ ОБ ОТВЕТСТВЕННОСТИ | |
| Основное заглавие | Добыча |
| Сведения, относящиеся к заглавию | роман |
| Первые сведения об ответственности | перевод с французского Ю. М. Загуляевой |
| Последующие сведения об ответственности | редакция М. П. Столярова |
| -- | ст. и примеч. М. Д. Эйхенгольца |
| -- | портрет Э. Золя – гравюра М. Дебутэна |
| 210 ## - ПУБЛИКАЦИЯ, РАСПРОСТРАНЕНИЕ И ДР. | |
| Дата издания, распространения и т.д. | 1929 |
| 215 ## - ФИЗИЧЕСКАЯ ХАРАКТЕРИСТИКА | |
| Специфическое обозначение материала и объем | 415 с., 1 л. портр. |
| Другие сведения о физической характеристике | портр. |
| 461 #0 - УРОВЕНЬ НАБОРА | |
| Встроенное поле | 001rc\2830553 |
| -- | 2001#$aПолное собрание сочинений$ecо статьями, примечаниями и иконографией$fЭмиль Золя$gпод общей редакцией М. Д. Эйхенгольца$gобложка художника П. Алякринского$vТ. 2 |
| -- | 700#1$aЗоля$bЭ.$gЭмиль$f1840-1902$3RU\NLR\AUTH\771440 |
| Системный номер (АБИС) связанной записи | 5603144 |
| Автор | Золя, Э. (1840-1902) |
| Место публикации | Москва |
| Дата публикации | 1931 |
| Первые сведения об ответственности | Эмиль Золя |
| Имя издателя, распространителя и т.д. | Огиз |
| Сведения, относящиеся к заглавию | Со статьями, примеч. и иконографией |
| Заглавие | Полное собрание сочинений |
| Номер тома | Т. 2 |
| 702 #1 - ИМЯ ЛИЦА - ВТОРИЧНАЯ ОТВЕТСТВЕННОСТЬ | |
| Начальный элемент ввода | Загуляева |
| Часть имени, кроме начального элемента ввода | Ю. М. |
| Даты | 1861- |
| Расширение инициалов личного имени | Юлия Михайловна |
| Код отношения | Переводчик |
| 702 #1 - ИМЯ ЛИЦА - ВТОРИЧНАЯ ОТВЕТСТВЕННОСТЬ | |
| Начальный элемент ввода | Эйхенгольц |
| Часть имени, кроме начального элемента ввода | М. Д. |
| Даты | 1889-1953 |
| Расширение инициалов личного имени | Марк Давидович |
| Код отношения | Комментатор печатного текста |
| 702 #1 - ИМЯ ЛИЦА - ВТОРИЧНАЯ ОТВЕТСТВЕННОСТЬ | |
| Начальный элемент ввода | Столяров |
| Часть имени, кроме начального элемента ввода | М. П. |
| Дополнения к именам, кроме дат | переводчик |
| Даты | 1888- |
| Расширение инициалов личного имени | Михаил Павлович |
| Код отношения | Редактор |
| 702 #1 - ИМЯ ЛИЦА - ВТОРИЧНАЯ ОТВЕТСТВЕННОСТЬ | |
| Начальный элемент ввода | Дебутэн |
| Часть имени, кроме начального элемента ввода | М. |
| Код отношения | Карикатурист, Художник |
| 801 #0 - ИСТОЧНИК ЗАПИСИ | |
| Страна | Российская Федерация |
| Организация | NLR |
| Правила каталогизации | psbo |
| 801 #1 - ИСТОЧНИК ЗАПИСИ | |
| Страна | Российская Федерация |
| Организация | ELAR |
| Источник данных | rusmarc |
| 852 ## - МЕСТОНАХОЖДЕНИЕ И ШИФР ХРАНЕНИЯ | |
| Идентификатор организации | NLR |
| Шифр хранения (Call Number) | 46/184(2) |
| 852 ## - МЕСТОНАХОЖДЕНИЕ И ШИФР ХРАНЕНИЯ | |
| Идентификатор организации | NLR |
| Шифр хранения (Call Number) | Л60 В-3/116(2) |
| 942 ## - ДОПОЛНИТЕЛЬНЫЕ ЭЛЕМЕНТЫ ЗАПИСИ (АБИС) | |
| Тип экземпляра АБИС | Неопределено |
| 980 ## - КОЛЛЕКЦИЯ | |
| Название коллекции | Национальная библиография |
Нет доступных экземпляров.